[Event "Ufa-ch sf1"]
[Site "Ufa"]
[Date "2012.01.29"]
[Round "9"]
[White "Darmin, Dmitry"]
[Black "Ivanov, Vladislav"]
[Result "1-0"]
[WhiteElo "2356"]
[BlackElo "1890"]
[PlyCount "57"]
[EventDate "2012.01.21"]
[EventType "swiss"]
[EventRounds "9"]
[EventCountry "RUS"]
[SourceTitle "EXT 2014"]
[Source "ChessBase"]
[SourceDate "2013.11.20"]
[SourceVersion "1"]
[SourceVersionDate "2013.11.20"]
[SourceQuality "1"]

1. e4 Nc6 2. d4 d5 3. e5 Bf5 4. c3 f6 5. f4 Nh6 6. Ne2 e6 7. Ng3 Bg6 8. Bd3 Bxd3 9. Qxd3 Be7 10. exf6 Bxf6 11. Nd2 Qd7 12. Nf3 0-0-0 13. 0-0 Nf5 14. Nxf5 exf5 15. Ne5 Bxe5 16. fxe5 Rhf8 17. b4 h6 18. a4 g5 19. a5 a6 20. b5 axb5 21. Ba3 Rf7 22. Rfb1 Nb8 23. Rxb5 c6 24. Rb6 Na6 25. Rab1 Qe6 26. Rxb7 Nc7 27. Bd6 Nb5 28. Rb8+ Kd7 29. R1xb5 1-0

[Event "Ufa-ch sf1"]
[Site "Ufa"]
[Date "2012.01.28"]
[Round "8"]
[White "Ivanov, Vladislav"]
[Black "Ibragimov, Maxim"]
[Result "1/2-1/2"]
[WhiteElo "1890"]
[BlackElo "2184"]
[PlyCount "126"]
[EventDate "2012.01.21"]
[EventType "swiss"]
[EventRounds "9"]
[EventCountry "RUS"]
[SourceTitle "EXT 2014"]
[Source "ChessBase"]
[SourceDate "2013.11.20"]
[SourceVersion "1"]
[SourceVersionDate "2013.11.20"]
[SourceQuality "1"]

1. e4 d6 2. Nc3 Nf6 3. f4 g6 4. Nf3 Bg7 5. Bc4 c5 6. 0-0 Nc6 7. d3 0-0 8. Qe1 a6 9. a3 b5 10. Ba2 Bb7 11. f5 Nd4 12. fxg6 Nxf3+ 13. Rxf3 hxg6 14. Qh4 Qd7 15. Bg5 Bc8 16. Nd5 Nxd5 17. Bxd5 Qa7 18. Raf1 Be6 19. Bxa8 Rxa8 20. c3 b4 21. Bxe7 bxc3 22. bxc3 Bxc3 23. Bxd6 c4+ 24. Kh1 Qd4 25. Qg3 Re8 26. h4 Bb2 27. h5 Qh8 28. Qh2 Qxh5 29. Qxh5 gxh5 30. dxc4 Bxc4 31. Rb1 Bg7 32. e5 Kh7 33. Rb7 Bd5 34. Rfxf7 Bxf7 35. Rxf7 Kg6 36. Ra7 Bxe5 37. Bxe5 Rxe5 38. Rxa6+ Kg5 39. Kh2 Re2 40. a4 Ra2 41. a5 h4 42. Ra8 Ra3 43. a6 Kg6 44. Ra7 Kh6 45. Ra8 Kg7 46. a7 Kh7 47. Rb8 Rxa7 48. Rb4 Kg6 49. Rxh4 Kg5 50. Rb4 Ra5 51. Kh3 Ra3+ 52. g3 Ra1 53. Rb5+ Kg6 54. Kh4 Rh1+ 55. Kg4 Ra1 56. Rb6+ Kg7 57. Kh5 Ra7 58. g4 Rc7 59. g5 Ra7 60. Rb5 Rc7 61. Ra5 Rb7 62. g6 Rc7 63. Kg5 Rb7 1/2-1/2

[Event "Ufa-ch sf1"]
[Site "Ufa"]
[Date "2012.01.24"]
[Round "4"]
[White "Gumerov, Renant"]
[Black "Ivanov, Vladislav"]
[Result "1-0"]
[WhiteElo "2119"]
[BlackElo "1890"]
[PlyCount "71"]
[EventDate "2012.01.21"]
[EventType "swiss"]
[EventRounds "9"]
[EventCountry "RUS"]
[SourceTitle "EXT 2014"]
[Source "ChessBase"]
[SourceDate "2013.11.20"]
[SourceVersion "1"]
[SourceVersionDate "2013.11.20"]
[SourceQuality "1"]

1. d4 Nc6 2. f4 d5 3. e3 Nf6 4. Nd2 Bf5 5. c3 e6 6. g3 Be7 7. Nh3 Qd7 8. Nf2 h5 9. h3 0-0-0 10. b4 Bxb4 11. cxb4 Nxb4 12. Rb1 Bxb1 13. Nxb1 Qc6 14. Bd2 Na6 15. Nc3 Rhg8 16. h4 g6 17. Bb5 Qd6 18. Qa4 Nd7 19. Bxa6 Qxa6 20. Qxa6 bxa6 21. Nd3 Kb7 22. Na4 Ka8 23. Ke2 Rb8 24. Rc1 Rgc8 25. Rc2 Nb6 26. Nac5 Nc4 27. Nxa6 Rb1 28. Bc1 Kb7 29. Nac5+ Ka8 30. Ne5 Nxe5 31. fxe5 c6 32. Nb3 a5 33. Rc5 Rc7 34. Rxa5+ Kb7 35. Kd2 Kb6 36. Ra3 1-0

[Event "Ufa-ch sf1"]
[Site "Ufa"]
[Date "2012.01.22"]
[Round "2"]
[White "Ivanov, Vladislav"]
[Black "Zatokovenko, Igor"]
[Result "0-1"]
[WhiteElo "1890"]
[BlackElo "2270"]
[PlyCount "148"]
[EventDate "2012.01.21"]
[EventType "swiss"]
[EventRounds "9"]
[EventCountry "RUS"]
[SourceTitle "EXT 2014"]
[Source "ChessBase"]
[SourceDate "2013.11.20"]
[SourceVersion "1"]
[SourceVersionDate "2013.11.20"]
[SourceQuality "1"]

1. e4 c6 2. d4 d5 3. e5 Qb6 4. c4 Bf5 5. Nc3 e6 6. a3 dxc4 7. Bxc4 Ne7 8. Nge2 Nd7 9. 0-0 Rd8 10. Qa4 Qc7 11. Ba2 Nb6 12. Qb3 Bg6 13. Be3 Nf5 14. Rad1 Be7 15. g4 Nxe3 16. fxe3 Nd5 17. Nxd5 exd5 18. Nf4 Be4 19. Bb1 Bxb1 20. Rxb1 0-0 21. Qc2 Qd7 22. Qf5 g6 23. Qxd7 Rxd7 24. Rbc1 Bg5 25. Kg2 Re7 26. Rf3 Ree8 27. Rcf1 Kg7 28. Kg3 Bd8 29. Nd3 Be7 30. h4 f6 31. exf6+ Rxf6 32. g5 Rxf3+ 33. Rxf3 Bd6+ 34. Kf2 Re4 35. Rh3 h6 36. Kf3 Re8 37. Nf4 Bxf4 38. Kxf4 Re4+ 39. Kf3 h5 40. Ke2 Rg4 41. Rh2 a5 42. Kd3 Rg3 43. b3 Rg4 44. Kc3 Re4 45. Kd3 Rg4 46. Kc3 Kf7 47. Kd3 Ke7 48. Rh1 Kd7 49. Rh2 b5 50. a4 b4 51. Rh1 Kc7 52. Rh2 Rg1 53. Kc2 Re1 54. Kd2 Rb1 55. Kc2 Rf1 56. Kd2 Kb6 57. Kc2 c5 58. dxc5+ Kxc5 59. Kd3 Kd6 60. Kd2 Ke5 61. Kd3 Rc1 62. Rb2 Rc3+ 63. Ke2 Ke4 64. Kf2 Rxe3 65. Rc2 Rxb3 66. Rc5 Rh3 67. Rxa5 Rxh4 68. Rb5 Rf4+ 69. Ke2 Rf5 70. Rxb4+ d4 71. Rb8 Rxg5 72. Re8+ Re5 73. Rg8 Kf5+ 74. Kd3 Ra5 0-1

[Event "Ufa-ch FL"]
[Site "Ufa"]
[Date "2011.11.26"]
[Round "6.2"]
[White "Ilkin, Albert"]
[Black "Ivanov, Vladislav"]
[Result "1-0"]
[WhiteElo "2289"]
[BlackElo "1896"]
[PlyCount "111"]
[EventDate "2011.11.20"]
[EventType "swiss"]
[EventRounds "9"]
[EventCountry "RUS"]
[SourceTitle "EXT 2022"]
[Source "ChessBase"]
[SourceDate "2021.10.06"]
[SourceVersion "1"]
[SourceVersionDate "2021.10.06"]
[SourceQuality "1"]

1. e4 Nc6 2. Nc3 e6 3. d4 d5 4. e5 f6 5. exf6 Nxf6 6. Nf3 Bd6 7. Nb5 a6 8. Nxd6+ cxd6 9. c4 0-0 10. cxd5 Qa5+ 11. Bd2 Qxd5 12. Bc3 Ne4 13. Be2 Nxc3 14. bxc3 b5 15. 0-0 Bb7 16. Bd3 Na5 17. Re1 Qh5 18. Be4 Bd5 19. Nd2 Qh4 20. Nf3 Qh5 21. Nd2 Qh4 22. Nf3 Qh5 23. Nd2 Qf7 24. Nf3 Rac8 25. Bxh7+ Kh8 26. Be4 Rxc3 27. Bxd5 exd5 28. Qd2 b4 29. Qg5 Nc4 30. Re7 Qf6 31. Qh5+ Kg8 32. Qxd5+ Kh8 33. Re4 Rxf3 34. gxf3 Nd2 35. Qh5+ Kg8 36. Re8 Nxf3+ 37. Kh1 g6 38. Qd5+ Kg7 39. Rxf8 Kxf8 40. Rc1 Nxd4 41. Rc7 Qf3+ 42. Qxf3+ Nxf3 43. Rd7 Ne5 44. Rxd6 a5 45. Rd5 Nc4 46. Rc5 Nd2 47. Rxa5 b3 48. axb3 Nxb3 49. Ra7 Nd4 50. Kg2 Nc6 51. Rc7 Ne7 52. Kg3 Kf7 53. Kg4 Kf6 54. f4 Nf5 55. Rc6+ Kf7 56. Kg5 1-0

[Event "Ufa-ch FL"]
[Site "Ufa"]
[Date "2011.11.25"]
[Round "5.5"]
[White "Ivanov, Vladislav"]
[Black "Konyukhov, Pavel"]
[Result "1-0"]
[WhiteElo "1896"]
[BlackElo "1995"]
[PlyCount "69"]
[EventDate "2011.11.20"]
[EventType "swiss"]
[EventRounds "9"]
[EventCountry "RUS"]
[SourceTitle "EXT 2022"]
[Source "ChessBase"]
[SourceDate "2021.10.06"]
[SourceVersion "1"]
[SourceVersionDate "2021.10.06"]
[SourceQuality "1"]

1. e4 c5 2. Nc3 Nc6 3. Bb5 g6 4. Bxc6 bxc6 5. d3 Bg7 6. f4 d6 7. Nf3 Rb8 8. 0-0 e6 9. Qe1 Ne7 10. b3 0-0 11. e5 d5 12. Ba3 c4 13. dxc4 Ba6 14. Rd1 Qb6+ 15. Kh1 Rfe8 16. Na4 Qb7 17. Nc5 Qc8 18. Qa5 Rb6 19. Na4 Rb8 20. Bd6 Bb7 21. Bxb8 Qxb8 22. cxd5 Nxd5 23. Rd4 Bh6 24. g3 Ne3 25. Rf2 c5 26. Nxc5 Bxf3+ 27. Rxf3 Qa8 28. Ne4 Nxc2 29. Rc4 Bf8 30. Qc3 Na3 31. Nf6+ Kh8 32. Nxe8 Nxc4 33. bxc4 Bb4 34. Qb3 Qe4 35. Qd3 1-0